000
00330 a2200145 4500
001
153906
040
_c
Escola São Tomás de Aquino
100
_a
MUNIZ, Flávia
240
1
0
_a
O jogo do puxa-puxa
_l
por
245
1
0
_a
O jogo do puxa-puxa
362
0
_a
2012
440
1
_a
FTD
697
_a
*LITERATURA INFANTIL
942
_c
BK
999
_c
153906
_d
153906